LEADER 01856nam0 22003613i 450 001 CAGE014707 005 20170908093314.0 012 $ai.a- amt. i.o. agra (3) 1790 (R)$2fei 100 $a20130527d1790 ||||0itac50 ba 101 | $aita 102 $ait 181 1$6z01$ai $bxxxe 182 1$6z01$an 200 1 $aInstruzione pratica sopra la fedele amministrazione del sacramento della penitenza a tenore della dottrina del rituale romano, composta da monsignor Nicolò Terzago vescovo di Narni ... 205 $aIn questa nuova edizione notabilmente accresciuta da un religioso minor. conventuale 210 $aIn Roma$ca spese di Simone Occhi librajo in Venezia$d1790 215 $aXXIV, 564 p.$d12º 300 $aSegn.: a¹² A-Y¹² Z¹⁸. 316 $a1 v.$5IT-AV0003, F. ANTICO 1700/ 1381 316 $a1 v.$5IT-BN0116, F. ANTICO Teo. Past. Asc. Mist. 113 620 $aIT$dRoma$3LO1L002924 700 1$aTerzago$b, Nicolò$3MILV172263$4070$0617520 712 02$aOcchi, Simone$3PUVV157891$4650 791 02$aOcchi, Simon$3CFIV316647$zOcchi, Simone 791 02$a˜sub œsigno Italiae$3UBOV136541$zOcchi, Simone 801 3$aIT$bIT-NA0079$c20130527 850 $aIT-AV0003$aIT-BN0116 912 $aCAGE014707 950 0$aBiblioteca Comunale "P. S. Mancini"$c1 v.$d ARF. ANTICO 1700/ 1381$e ARANT0000046495 B 1 v.$fZ $h20150423$i20150423 950 0$aBiblioteca San Gabriele Arcangelo$c1 v.$d GAF. ANTICO Teo. Past. Asc. Mist. 113$e GA 0000002905 B 1 v.$fZ $h20130527$i20130527 977 $a AR$a GA 996 $aInstruzione pratica sopra la fedele amministrazione del sacramento della penitenza a tenore della dottrina del rituale romano, composta da monsignor Nicolò Terzago vescovo di Narni ..$91485397 997 $aUNISANNIO